[Event "American Cup Blitz"]
[Site "Saint Louis"]
[Date "2024.03.21"]
[Round "5"]
[White "Bok, Benjamin"]
[Black "So, Wesley"]
[Result "1/2-1/2"]
[WhiteElo "2620"]
[BlackElo "2757"]
[PlyCount "91"]
[EventDate "2024.03.21"]
[EventType "swiss (blitz)"]
[EventRounds "7"]
[EventCountry "USA"]
[SourceTitle "CB13_2024"]
[SourceDate "2024.03.27"]
[SourceVersion "1"]
[SourceVersionDate "2024.03.27"]
[SourceQuality "1"]

1. d4 d5 2. c4 e6 3. Nf3 Nf6 4. g3 Bb4+ 5. Bd2 a5 6. Bg2 0-0 7. Qc2 Be7 8. 0-0 Nbd7 9. Rd1 c6 10. Bf4 a4 11. Ne5 Qa5 12. Nc3 Nxe5 13. dxe5 Nd7 14. cxd5 exd5 15. e4 dxe4 16. Bxe4 Nxe5 17. Nd5 cxd5 18. Rxd5 Nf3+ 19. Bxf3 Qb6 20. Be3 Qa6 21. Qd3 Qxd3 22. Rxd3 Bf6 23. Bd4 Rd8 24. Rad1 Bf5 25. R3d2 Bg5 26. Be3 Rxd2 27. Rxd2 Bxe3 28. fxe3 a3 29. bxa3 Kf8 30. Bxb7 Rxa3 31. Kf2 Be6 32. Bd5 Bxd5 33. Rxd5 Rxa2+ 34. Kg1 Ke7 35. h3 Ke6 36. Rb5 Re2 37. Rb3 g6 38. Kf1 Rh2 39. h4 h5 40. Rb5 Rd2 41. Ra5 f6 42. Rb5 Rd5 43. Rb4 Rd2 44. Rb5 Rd5 45. Rb4 Rd2 46. Rb5 1/2-1/2

[Event "American Cup Blitz"]
[Site "Saint Louis"]
[Date "2024.03.21"]
[Round "7"]
[White "Caruana, Fabiano"]
[Black "So, Wesley"]
[Result "1-0"]
[WhiteElo "2804"]
[BlackElo "2757"]
[PlyCount "69"]
[EventDate "2024.03.21"]
[EventType "swiss (blitz)"]
[EventRounds "7"]
[EventCountry "USA"]
[SourceTitle "CB13_2024"]
[SourceDate "2024.03.27"]
[SourceVersion "1"]
[SourceVersionDate "2024.03.27"]
[SourceQuality "1"]

1. c4 e5 2. Nc3 Bb4 3. Nd5 Be7 4. Nf3 d6 5. g3 Nf6 6. Nc3 0-0 7. Bg2 Re8 8. d4 Nc6 9. d5 Nb8 10. 0-0 a5 11. e4 Na6 12. h3 Nc5 13. Qc2 h6 14. Be3 Nfd7 15. b3 Bg5 16. Nxg5 hxg5 17. a3 b6 18. b4 Na6 19. Qd2 f6 20. Nb5 Nf8 21. bxa5 bxa5 22. Qxa5 Bd7 23. Qc3 Ng6 24. a4 Qc8 25. Na7 Qd8 26. a5 Kf7 27. c5 Rh8 28. cxd6 cxd6 29. g4 Nf4 30. Bxf4 gxf4 31. Nc6 Qc8 32. Rfb1 Nc5 33. Rb6 Qc7 34. Rab1 Na4 35. Nxe5+ 1-0

[Event "American Cup Blitz"]
[Site "Saint Louis"]
[Date "2024.03.21"]
[Round "2"]
[White "So, Wesley"]
[Black "Hakobyan, Aram"]
[Result "1/2-1/2"]
[WhiteElo "2757"]
[BlackElo "2619"]
[PlyCount "96"]
[EventDate "2024.03.21"]
[EventType "swiss (blitz)"]
[EventRounds "7"]
[EventCountry "USA"]
[SourceTitle "CB13_2024"]
[SourceDate "2024.03.27"]
[SourceVersion "1"]
[SourceVersionDate "2024.03.27"]
[SourceQuality "1"]

1. d4 Nf6 2. c4 e6 3. Nc3 Bb4 4. e3 Bxc3+ 5. bxc3 c5 6. Bd3 d6 7. e4 Nc6 8. Ne2 e5 9. 0-0 0-0 10. h3 h6 11. Kh2 Re8 12. d5 Ne7 13. Ng3 Ng6 14. Bc2 Bd7 15. Rb1 b6 16. Re1 Nh7 17. Nf5 Qf6 18. Rf1 Ng5 19. Qg4 Bxf5 20. exf5 Nf8 21. h4 Ngh7 22. Re1 e4 23. Bxe4 Nd7 24. Qg3 Ne5 25. Bf4 Nxc4 26. Bd3 Ne5 27. Bc2 Re7 28. Re3 Rae8 29. Rbe1 b5 30. a4 a6 31. Kg1 Kh8 32. Kh2 Nc4 33. Rxe7 Rxe7 34. Rxe7 Qxe7 35. axb5 axb5 36. Bd3 Nf6 37. Bxc4 bxc4 38. Bxd6 Qe4 39. Bxc5 Qxf5 40. f3 Nxd5 41. Bd4 f6 42. Qd6 Kh7 43. Qc6 Qf4+ 44. Kh3 Qf5+ 45. Kh2 Qf4+ 46. Kh3 Qf5+ 47. Kg3 Qf4+ 48. Kh3 Qf5+ 1/2-1/2

[Event "American Cup Blitz"]
[Site "Saint Louis"]
[Date "2024.03.21"]
[Round "6"]
[White "So, Wesley"]
[Black "Harsha, Bharathakoti"]
[Result "1-0"]
[WhiteElo "2757"]
[BlackElo "2567"]
[PlyCount "51"]
[EventDate "2024.03.21"]
[EventType "swiss (blitz)"]
[EventRounds "7"]
[EventCountry "USA"]
[SourceTitle "CB13_2024"]
[SourceDate "2024.03.27"]
[SourceVersion "1"]
[SourceVersionDate "2024.03.27"]
[SourceQuality "1"]

1. e4 c5 2. Nf3 e6 3. d4 cxd4 4. Nxd4 a6 5. c4 Nf6 6. Nc3 Bb4 7. e5 Ne4 8. Qd3 Qa5 9. a3 Bxc3+ 10. bxc3 Qxc3+ 11. Qxc3 Nxc3 12. a4 Ne4 13. Ba3 f6 14. f4 fxe5 15. fxe5 b6 16. Be2 Ng5 17. Rb1 Nf7 18. Bf3 Ra7 19. Rxb6 Nc6 20. Nxc6 dxc6 21. Bxc6+ Kd8 22. Bb2 Kc7 23. a5 Bd7 24. 0-0 Nd8 25. Be4 h6 26. Ba3 1-0

[Event "American Cup Blitz"]
[Site "Saint Louis"]
[Date "2024.03.21"]
[Round "3"]
[White "Theodorou, Nikolas"]
[Black "So, Wesley"]
[Result "1/2-1/2"]
[WhiteElo "2622"]
[BlackElo "2757"]
[PlyCount "92"]
[EventDate "2024.03.21"]
[EventType "swiss (blitz)"]
[EventRounds "7"]
[EventCountry "USA"]
[SourceTitle "CB13_2024"]
[SourceDate "2024.03.27"]
[SourceVersion "1"]
[SourceVersionDate "2024.03.27"]
[SourceQuality "1"]

1. d4 Nf6 2. c4 e6 3. Nf3 d5 4. g3 Bb4+ 5. Bd2 Be7 6. Bg2 0-0 7. 0-0 c6 8. Qc2 Nbd7 9. Bf4 a5 10. h4 b6 11. Nbd2 Nh5 12. Bg5 Nhf6 13. Bf4 Ba6 14. e4 dxc4 15. Nxc4 Rc8 16. Rfe1 c5 17. d5 exd5 18. exd5 Nxd5 19. Ng5 Bxg5 20. Bxg5 Nb4 21. Qf5 f6 22. Nd6 fxg5 23. Qe6+ Kh8 24. Nf7+ Rxf7 25. Qxf7 Nc2 26. Re7 Qf8 27. Rd1 Qxf7 28. Rxf7 Ne5 29. Ra7 Be2 30. Rd6 h6 31. Rxb6 Nf3+ 32. Bxf3 Bxf3 33. hxg5 hxg5 34. g4 Re8 35. Rg6 Nd4 36. Rgxg7 Re1+ 37. Kh2 Be4 38. f3 Nxf3+ 39. Kg3 Nd4 40. Rge7 Re3+ 41. Kf2 Rf3+ 42. Ke1 Re3+ 43. Kf2 Re2+ 44. Kg3 Re3+ 45. Kf2 Rf3+ 46. Ke1 Re3+ 1/2-1/2

[Event "American Cup Elim"]
[Site "Saint Louis"]
[Date "2024.03.17"]
[Round "3.4"]
[White "Caruana, Fabiano"]
[Black "So, Wesley"]
[Result "1/2-1/2"]
[WhiteElo "2804"]
[BlackElo "2757"]
[PlyCount "83"]
[EventDate "2024.03.14"]
[EventType "k.o. (rapid)"]
[EventRounds "3"]
[EventCountry "USA"]
[SourceTitle "CB12_2024"]
[SourceDate "2023.10.01"]
[SourceVersion "1"]
[SourceVersionDate "2023.10.01"]
[SourceQuality "1"]

1. e4 e5 2. Nf3 Nc6 3. Bb5 Nf6 4. 0-0 Nxe4 5. Re1 Nd6 6. Nxe5 Be7 7. Bf1 Nxe5 8. Rxe5 0-0 9. d4 Bf6 10. Re1 Re8 11. Bf4 Rxe1 12. Qxe1 Ne8 13. c3 d5 14. Bd3 g6 15. Nd2 Ng7 16. Bh6 Bg5 17. Bxg5 Qxg5 18. Nf3 Qf6 19. Qd2 Bf5 20. Bf1 Re8 21. Qh6 Nh5 22. Ne5 Qg7 23. Qd2 f6 24. Nd3 Bxd3 25. Bxd3 Qe7 26. g3 f5 27. a4 Kg7 28. a5 c6 29. a6 b6 30. c4 dxc4 31. Bxc4 Nf6 32. Bf1 Ne4 33. Qc2 Qf6 34. Rd1 Rd8 35. Bg2 Rxd4 36. Bxe4 fxe4 37. Rxd4 Qxd4 38. Qxc6 Qd1+ 39. Kg2 Qf3+ 40. Kg1 Qd1+ 41. Kg2 Qf3+ 42. Kg1 1/2-1/2

[Event "American Cup Elim"]
[Site "Saint Louis"]
[Date "2024.03.17"]
[Round "3.5"]
[White "Caruana, Fabiano"]
[Black "So, Wesley"]
[Result "0-1"]
[WhiteElo "2804"]
[BlackElo "2757"]
[PlyCount "106"]
[EventDate "2024.03.14"]
[EventType "k.o. (rapid)"]
[EventRounds "3"]
[EventCountry "USA"]
[SourceTitle "CB12_2024"]
[SourceDate "2023.10.01"]
[SourceVersion "1"]
[SourceVersionDate "2023.10.01"]
[SourceQuality "1"]

1. e4 e5 2. Nf3 Nc6 3. Bb5 Nf6 4. d3 Bc5 5. Bxc6 dxc6 6. Nbd2 Nd7 7. 0-0 a5 8. Nc4 Qe7 9. Be3 f6 10. Qd2 b6 11. a3 Qf7 12. b4 Be7 13. bxa5 b5 14. Nb2 0-0 15. c4 Nc5 16. Qc3 Ne6 17. d4 exd4 18. Nxd4 Nxd4 19. Bxd4 c5 20. Be3 b4 21. axb4 cxb4 22. Qb3 Ba6 23. Rfc1 Qe6 24. Nd3 Qxe4 25. Nc5 Bxc5 26. Bxc5 Rfb8 27. f3 Qf5 28. Bf2 c5 29. Rd1 Rd8 30. Rd5 Rxd5 31. cxd5 Rc8 32. Rc1 c4 33. Qxb4 Qxd5 34. h3 h6 35. Qe1 Kh7 36. Rd1 Qb7 37. Bd4 Rd8 38. Rb1 Qc8 39. Qc3 Rd6 40. Qc2+ Kh8 41. Ba7 Rd8 42. Qc3 Rd3 43. Qe1 Rd8 44. Qe7 c3 45. Rb8 Qxb8 46. Bxb8 Rxb8 47. Kf2 c2 48. Qe3 Rc8 49. Qc1 Bd3 50. Ke3 Bg6 51. a6 Ra8 52. g4 Rxa6 53. h4 Rd6 0-1

[Event "American Cup Elim"]
[Site "Saint Louis"]
[Date "2024.03.16"]
[Round "2.4"]
[White "So, Wesley"]
[Black "Sevian, Samuel"]
[Result "1-0"]
[WhiteElo "2757"]
[BlackElo "2697"]
[PlyCount "105"]
[EventDate "2024.03.14"]
[EventType "k.o. (rapid)"]
[EventRounds "3"]
[EventCountry "USA"]
[SourceTitle "CB12_2024"]
[SourceDate "2023.10.01"]
[SourceVersion "1"]
[SourceVersionDate "2023.10.01"]
[SourceQuality "1"]

1. d4 Nf6 2. c4 g6 3. Nc3 Bg7 4. e4 d6 5. Nf3 0-0 6. Be2 Nc6 7. Be3 Ng4 8. Bg5 h6 9. Bh4 g5 10. Bg3 e5 11. d5 Nd4 12. Nxd4 exd4 13. Nb5 Nf6 14. f3 Nh5 15. Bf2 d3 16. Bxd3 Bxb2 17. Rb1 Bg7 18. 0-0 Nf4 19. Bc2 h5 20. Be3 Ng6 21. Qd2 Bf6 22. Nxa7 Rxa7 23. Bxa7 b6 24. a4 Ne5 25. Bb3 c5 26. Bc2 Nxc4 27. Qd3 Bd4+ 28. Kh1 Ne5 29. Bxb6 Qf6 30. Qe2 h4 31. Ba5 Ng6 32. Bd2 Be5 33. f4 gxf4 34. a5 Bd4 35. a6 c4 36. Qxc4 h3 37. Qe2 hxg2+ 38. Qxg2 Bxa6 39. Rxf4 Qg7 40. Rf3 Rc8 41. Bd3 Bxd3 42. Rxd3 Be5 43. Rdb3 Qf8 44. Rf1 Rc2 45. Rbf3 Qg7 46. Rxf7 Qxf7 47. Rxf7 Kxf7 48. Qf2+ Kg8 49. Qf5 Kg7 50. Qg5 Bf6 51. Qh6+ Kf7 52. Qh7+ Bg7 53. Bh6 1-0

[Event "American Cup Champ"]
[Site "Saint Louis"]
[Date "2024.03.13"]
[Round "1.2"]
[White "Shankland, Samuel L"]
[Black "So, Wesley"]
[Result "0-1"]
[WhiteElo "2674"]
[BlackElo "2757"]
[PlyCount "92"]
[EventDate "2024.03.12"]
[EventType "k.o."]
[EventRounds "3"]
[EventCountry "USA"]
[SourceTitle "CB12_2024"]
[SourceDate "2023.10.01"]
[SourceVersion "1"]
[SourceVersionDate "2023.10.01"]
[SourceQuality "1"]

1. e4 e5 2. Nf3 Nc6 3. Bb5 Nf6 4. 0-0 Nxe4 5. d4 Nd6 6. Bxc6 dxc6 7. dxe5 Nf5 8. Qxd8+ Kxd8 9. Nc3 Bd7 10. h3 h6 11. b3 Kc8 12. Bb2 b6 13. Rad1 a5 14. Rfe1 Bb4 15. a3 Bxc3 16. Bxc3 Be6 17. g4 Ne7 18. Kh2 c5 19. a4 Kb7 20. Bb2 b5 21. axb5 a4 22. Ra1 axb3 23. cxb3 Kb6 24. Ba3 Rhd8 25. Rec1 Rd5 26. Kg3 Ng6 27. h4 Rxa3 28. Rxa3 Rd3 29. Re1 Nxh4 30. Re3 Rxe3 31. fxe3 Nxf3 32. Kxf3 Kxb5 33. e4 Kb4 34. Ra7 c6 35. Rb7+ Kc3 36. Rb6 Bxb3 37. Rxc6 Kd4 38. Kf4 Be6 39. Rd6+ Kc3 40. g5 hxg5+ 41. Kxg5 c4 42. Kf4 Kb2 43. Ke3 c3 44. Rb6+ Bb3 45. Rc6 g5 46. e6 fxe6 0-1

[Event "Titled Tuesday intern op 06th Feb Late"]
[Site "Chess.com INT"]
[Date "2024.02.06"]
[Round "11"]
[White "Galaktionov, Artem"]
[Black "So, Wesley"]
[Result "0-1"]
[WhiteElo "2305"]
[BlackElo "2757"]
[PlyCount "124"]
[EventDate "2024.02.06"]
[EventType "swiss (blitz)"]
[EventRounds "11"]
[EventCountry "USA"]
[SourceTitle "CB07_2024"]
[SourceDate "2024.02.14"]
[SourceVersion "1"]
[SourceVersionDate "2024.02.14"]
[SourceQuality "1"]

1. d4 d5 2. c4 e6 3. Nf3 Nf6 4. Nc3 a6 5. cxd5 exd5 6. Bg5 Be6 7. e3 Nbd7 8. Bd3 Bd6 9. h3 c6 10. 0-0 Qc7 11. Qd2 0-0 12. Bf4 Rfe8 13. Rfc1 Nb6 14. Bxd6 Qxd6 15. Ne5 Nfd7 16. Nxd7 Qxd7 17. Qc2 g6 18. Na4 Nxa4 19. Qxa4 h5 20. Re1 h4 21. Rad1 Bf5 22. Qc2 Bxd3 23. Qxd3 Re6 24. f3 Rae8 25. e4 Qe7 26. e5 Qg5 27. Rf1 Qf4 28. Qd2 g5 29. Qxf4 gxf4 30. Rf2 f6 31. exf6 Kf7 32. Kf1 Kxf6 33. Rc2 Ke7 34. Kf2 Kd6 35. Rcd2 Re3 36. Rc2 a5 37. Rcd2 a4 38. Rc2 R8e6 39. Rcd2 Re8 40. Rc2 R3e6 41. Rcd2 Ra8 42. Rc2 Ra5 43. Re1 Rxe1 44. Kxe1 b6 45. Kd2 Ra7 46. Rc3 Rg7 47. Ra3 Rxg2+ 48. Kc1 b5 49. b3 axb3 50. axb3 Rh2 51. Ra8 Rxh3 52. Rh8 Rxf3 53. Rxh4 Rxb3 54. Rxf4 Rc3+ 55. Kd2 Rc4 56. Kd3 Kc7 57. Rf8 b4 58. Ra8 Kb7 59. Ra4 Kb6 60. Ra8 Kb5 61. Ra1 Rc3+ 62. Kd2 Kc4 0-1

[Event "Titled Tuesday intern op 06th Feb Late"]
[Site "Chess.com INT"]
[Date "2024.02.06"]
[Round "6"]
[White "Kovalenko, Igor"]
[Black "So, Wesley"]
[Result "0-1"]
[WhiteElo "2674"]
[BlackElo "2757"]
[PlyCount "86"]
[EventDate "2024.02.06"]
[EventType "swiss (blitz)"]
[EventRounds "11"]
[EventCountry "USA"]
[SourceTitle "CB07_2024"]
[SourceDate "2024.02.14"]
[SourceVersion "1"]
[SourceVersionDate "2024.02.14"]
[SourceQuality "1"]

1. c4 e5 2. Nc3 Bb4 3. Qb3 Nc6 4. Nd5 a5 5. Nf3 e4 6. Qe3 f5 7. a3 Be7 8. Nd4 Nxd4 9. Qxd4 Nf6 10. Nxe7 Qxe7 11. e3 0-0 12. Be2 c5 13. Qc3 d5 14. 0-0 Be6 15. b3 f4 16. exf4 d4 17. Qg3 Bf5 18. d3 Rae8 19. Bd2 exd3 20. Bxd3 Nh5 21. Qf3 Bxd3 22. Qxd3 Nxf4 23. Bxf4 Rxf4 24. Qd2 Qc7 25. b4 b6 26. bxa5 bxa5 27. Rab1 Rf5 28. g3 Qf7 29. Qc2 h5 30. Rb7 Qf6 31. Rb6 Qf7 32. Rb7 Qf6 33. Rb6 Re6 34. Rb8+ Kh7 35. Rd8 Qg6 36. Rd7 h4 37. Qd3 h3 38. Qd2 Rf3 39. Qd1 Ref6 40. Rd5 R3f5 41. Rxf5 Qxf5 42. Qe2 Re6 43. Qd2 Qf3 0-1

[Event "Titled Tuesday intern op 06th Feb Late"]
[Site "Chess.com INT"]
[Date "2024.02.06"]
[Round "1"]
[White "So, Wesley"]
[Black "Kochiev, Ivan"]
[Result "1-0"]
[WhiteElo "2757"]
[BlackElo "2051"]
[PlyCount "59"]
[EventDate "2024.02.06"]
[EventType "swiss (blitz)"]
[EventRounds "11"]
[EventCountry "USA"]
[SourceTitle "CB07_2024"]
[SourceDate "2024.02.14"]
[SourceVersion "1"]
[SourceVersionDate "2024.02.14"]
[SourceQuality "1"]

1. Nf3 Nf6 2. d4 e6 3. c4 c5 4. d5 exd5 5. cxd5 d6 6. Nc3 g6 7. Bf4 a6 8. a4 Qe7 9. e3 Bg4 10. Be2 Bxf3 11. Bxf3 Bg7 12. 0-0 0-0 13. Qb3 Qc7 14. a5 Nbd7 15. Na4 Rab8 16. Rfc1 Rfc8 17. Qa3 Ne8 18. Nc3 b5 19. axb6 Rxb6 20. Bg4 f5 21. Bh3 Rcb8 22. e4 fxe4 23. Be6+ Kh8 24. Nxe4 Bxb2 25. Qh3 Bxa1 26. Ng5 Nf8 27. Nf7+ Kg8 28. Nxd6+ Nxe6 29. Qxe6+ Kg7 30. Nxe8+ 1-0

[Event "Titled Tuesday intern op 06th Feb Late"]
[Site "Chess.com INT"]
[Date "2024.02.06"]
[Round "9"]
[White "Xiong, Jeffery"]
[Black "So, Wesley"]
[Result "1-0"]
[WhiteElo "2659"]
[BlackElo "2757"]
[PlyCount "91"]
[EventDate "2024.02.06"]
[EventType "swiss (blitz)"]
[EventRounds "11"]
[EventCountry "USA"]
[SourceTitle "CB07_2024"]
[SourceDate "2024.02.14"]
[SourceVersion "1"]
[SourceVersionDate "2024.02.14"]
[SourceQuality "1"]

1. d4 Nf6 2. c4 e6 3. Nf3 d5 4. Nc3 a6 5. cxd5 exd5 6. Bg5 Be6 7. e3 Nbd7 8. Bd3 Bd6 9. 0-0 c6 10. Bf4 Qc7 11. Qd2 0-0 12. h3 Rfe8 13. Rfe1 Nb6 14. b3 g6 15. a4 a5 16. Rac1 Bxf4 17. exf4 Nh5 18. f5 Bd7 19. Ne5 Bxf5 20. Bxf5 gxf5 21. Qg5+ Ng7 22. Nd3 Qd6 23. Nc5 Nd7 24. Ne2 Nxc5 25. dxc5 Qg6 26. Qd2 Ne6 27. Rc3 Kh8 28. Re3 Rg8 29. Rg3 Qf6 30. Nf4 Rxg3 31. fxg3 Nxc5 32. Nh5 Nxb3 33. Qe2 Qd4+ 34. Kh2 Rg8 35. Qe7 f4 36. gxf4 Nc5 37. Qxf7 Ne4 38. Rxe4 dxe4 39. Nf6 Rxg2+ 40. Kxg2 Qd2+ 41. Kg3 Qe3+ 42. Kg4 Qf3+ 43. Kg5 Qg3+ 44. Ng4 Qa3 45. Qf6+ Kg8 46. Nh6# 1-0

[Event "Chessable Masters Div 1 Win"]
[Site "Chess.com INT"]
[Date "2024.02.02"]
[Round "1.1"]
[White "Carlsen, Magnus"]
[Black "So, Wesley"]
[Result "1/2-1/2"]
[WhiteElo "2830"]
[BlackElo "2757"]
[PlyCount "104"]
[EventDate "2024.02.02"]
[EventType "k.o. (rapid)"]
[EventRounds "5"]
[EventCountry "USA"]
[SourceTitle "CB06_2024"]
[SourceDate "2024.02.07"]
[SourceVersion "1"]
[SourceVersionDate "2024.02.07"]
[SourceQuality "1"]

1. Nf3 d5 2. g3 c5 3. c4 d4 4. b4 cxb4 5. a3 b3 6. Bg2 Nc6 7. d3 a5 8. a4 e5 9. 0-0 Nf6 10. Qxb3 Bb4 11. Ba3 Nd7 12. Bxb4 axb4 13. Ne1 Nc5 14. Bxc6+ bxc6 15. Qxb4 Qa5 16. Nc2 Bh3 17. Qxa5 Rxa5 18. Re1 Kd7 19. f4 f6 20. fxe5 fxe5 21. Nd2 Rb8 22. Reb1 Rxb1+ 23. Nxb1 Nb3 24. Ra3 Nc1 25. Kf2 Bg4 26. Nd2 Bxe2 27. Ra1 Bxd3 28. Rxc1 Rxa4 29. Nf3 Kd6 30. Ncxd4 exd4 31. Nxd4 Rxc4 32. Rxc4 Bxc4 33. Nf5+ Ke5 34. Nxg7 Bf7 35. g4 Bg6 36. g5 Kf4 37. Ne6+ Kg4 38. Ke3 Bf5 39. Nd8 Bd7 40. Nf7 Be8 41. Nd6 Bh5 42. h4 Kxh4 43. Kf4 Bg6 44. Nb7 Kh3 45. Nc5 Kg2 46. Nd7 Kh3 47. Nc5 Bf7 48. Ne4 Kh4 49. Nf6 Bg6 50. Nd7 Kh3 51. Nf6 Kh4 52. Nd7 Kh3 1/2-1/2

[Event "Chessable Play In Match D1"]
[Site "Chess.com INT"]
[Date "2024.02.01"]
[Round "2.1"]
[White "Sevian, Samuel"]
[Black "So, Wesley"]
[Result "0-1"]
[WhiteElo "2697"]
[BlackElo "2757"]
[PlyCount "82"]
[EventDate "2024.02.01"]
[EventType "k.o. (rapid)"]
[EventRounds "2"]
[EventCountry "USA"]
[SourceTitle "CB06_2024"]
[SourceDate "2024.02.07"]
[SourceVersion "1"]
[SourceVersionDate "2024.02.07"]
[SourceQuality "1"]

1. c4 e6 2. Nc3 d5 3. d4 a6 4. cxd5 exd5 5. Nf3 Nf6 6. Bg5 Be6 7. e3 Nbd7 8. h3 c6 9. Bd3 Bd6 10. 0-0 Qc7 11. Qd2 0-0 12. Bf4 Rfe8 13. a3 Nb6 14. Rac1 Bxf4 15. exf4 Nc4 16. Bxc4 dxc4 17. Rfe1 b5 18. Re5 Nd7 19. Re2 Bd5 20. Ne5 f6 21. Ng4 Rxe2 22. Nxe2 Re8 23. Ng3 Bf7 24. Nf5 h5 25. Nh2 Nf8 26. Re1 Rxe1+ 27. Qxe1 Qxf4 28. Ne7+ Kh7 29. Nxc6 Ng6 30. Qd1 Qf5 31. Nf1 Nf4 32. Ne3 Qe4 33. Nb4 a5 34. Nbc2 Bg6 35. Qd2 Nxg2 36. d5 Nf4 37. d6 Nxh3+ 38. Kh2 Ng5 39. Ne1 Qe5+ 40. Kg2 Ne4 41. Qxa5 Qxb2 0-1

[Event "Chessable Play In Match D1"]
[Site "Chess.com INT"]
[Date "2024.02.01"]
[Round "1.2"]
[White "So, Wesley"]
[Black "Keymer, Vincent"]
[Result "1/2-1/2"]
[WhiteElo "2757"]
[BlackElo "2738"]
[PlyCount "88"]
[EventDate "2024.02.01"]
[EventType "k.o. (rapid)"]
[EventRounds "2"]
[EventCountry "USA"]
[SourceTitle "CB06_2024"]
[SourceDate "2024.02.07"]
[SourceVersion "1"]
[SourceVersionDate "2024.02.07"]
[SourceQuality "1"]

1. d4 Nf6 2. c4 e6 3. Nc3 Bb4 4. Qc2 0-0 5. e4 d6 6. e5 Nfd7 7. exd6 cxd6 8. Nf3 Nc6 9. Bd3 e5 10. 0-0 exd4 11. Bxh7+ Kh8 12. Nd5 Nde5 13. Nxe5 dxe5 14. Bf5 Bd6 15. f4 g6 16. Bxc8 Rxc8 17. f5 Qh4 18. g3 Qh5 19. Nf6 Qh3 20. Ne4 Be7 21. f6 Bb4 22. a3 d3 23. Qxd3 Rfd8 24. Qe3 Bf8 25. Ng5 Qd7 26. Qe4 Kg8 27. Be3 Bh6 28. Qh4 Bxg5 29. Qxg5 Qh3 30. Rad1 Qh5 31. Qxh5 gxh5 32. Rxd8+ Rxd8 33. Rf5 Rd3 34. Kf2 Rb3 35. Bc1 a5 36. Rg5+ Kf8 37. Rxh5 Ke8 38. g4 Kd7 39. g5 Ke6 40. Rh8 Nd4 41. Re8+ Kf5 42. Re7 Rf3+ 43. Kg2 Rd3 44. Rxf7 Rd1 1/2-1/2

[Event "Chessable Play In Match D1"]
[Site "Chess.com INT"]
[Date "2024.02.01"]
[Round "2.2"]
[White "So, Wesley"]
[Black "Sevian, Samuel"]
[Result "1/2-1/2"]
[WhiteElo "2757"]
[BlackElo "2697"]
[PlyCount "36"]
[EventDate "2024.02.01"]
[EventType "k.o. (rapid)"]
[EventRounds "2"]
[EventCountry "USA"]
[SourceTitle "CB06_2024"]
[SourceDate "2024.02.07"]
[SourceVersion "1"]
[SourceVersionDate "2024.02.07"]
[SourceQuality "1"]

1. d4 Nf6 2. c4 e6 3. Nc3 Bb4 4. Qc2 d5 5. a3 Bxc3+ 6. Qxc3 0-0 7. Bg5 h6 8. Bxf6 Qxf6 9. Nf3 dxc4 10. Qxc4 Nc6 11. e3 e5 12. d5 e4 13. Qxe4 Qxb2 14. Rd1 Qc3+ 15. Rd2 Qa1+ 16. Rd1 Qc3+ 17. Rd2 Qa1+ 18. Rd1 Qc3+ 1/2-1/2

[Event "Chessable Masters Play In"]
[Site "Chess.com INT"]
[Date "2024.01.31"]
[Round "5"]
[White "So, Wesley"]
[Black "Kamsky, Gata"]
[Result "1-0"]
[WhiteElo "2757"]
[BlackElo "2623"]
[PlyCount "73"]
[EventDate "2024.01.31"]
[EventType "swiss (rapid)"]
[EventRounds "9"]
[EventCountry "USA"]
[SourceTitle "CB06_2024"]
[SourceDate "2024.02.07"]
[SourceVersion "1"]
[SourceVersionDate "2024.02.07"]
[SourceQuality "1"]

1. e4 e5 2. Nf3 Nc6 3. Bc4 Nf6 4. d3 h6 5. c3 d6 6. 0-0 g6 7. d4 Qe7 8. b4 a6 9. Re1 Bg7 10. a4 0-0 11. Ba3 Bg4 12. b5 Bxf3 13. Qxf3 Na5 14. Ba2 Nd7 15. dxe5 Qxe5 16. Qg4 Nc5 17. f4 Qh5 18. Qxh5 gxh5 19. Bxc5 dxc5 20. bxa6 Rxa6 21. e5 c4 22. Nd2 Rc6 23. Re4 f6 24. Nxc4 Nxc4 25. Rxc4 Rxc4 26. Bxc4+ Kh8 27. e6 f5 28. Rd1 Bf6 29. Rd7 Rc8 30. Bd3 Bxc3 31. Bxf5 Bf6 32. Kf1 Re8 33. Rf7 Be7 34. Bg6 Kg8 35. f5 Bd6 36. Rd7 Re7 37. f6 1-0

[Event "Titled Tuesday intern op 16th Jan Early"]
[Site "Chess.com INT"]
[Date "2024.01.16"]
[Round "7"]
[White "Murzin, Volodar"]
[Black "So, Wesley"]
[Result "1-0"]
[WhiteElo "2635"]
[BlackElo "2757"]
[PlyCount "61"]
[EventDate "2024.01.16"]
[EventType "swiss (blitz)"]
[EventRounds "11"]
[EventCountry "USA"]
[SourceTitle "CB04_2024"]
[SourceDate "2023.10.16"]
[SourceVersion "1"]
[SourceVersionDate "2023.10.16"]
[SourceQuality "1"]

1. d4 Nf6 2. Nf3 d5 3. Bf4 c5 4. e3 Nc6 5. Nbd2 Qb6 6. dxc5 Qxb2 7. Rb1 Qc3 8. Bb5 e6 9. 0-0 Be7 10. Nd4 Bd7 11. N2b3 0-0 12. Bxc6 Bxc6 13. Be5 Qc4 14. Na5 Qxc5 15. Nxb7 Bxb7 16. Rxb7 Rac8 17. Qd3 Rfe8 18. Qa6 Bf8 19. Bxf6 gxf6 20. Rxa7 f5 21. Rb1 Bg7 22. Qb7 Qf8 23. Nc6 Kh8 24. h3 e5 25. Qd7 Re6 26. Ne7 Rd8 27. Qb7 f4 28. Nxd5 fxe3 29. Nxe3 e4 30. Qxf7 Qxf7 31. Rxf7 1-0

[Event "Titled Tuesday intern op 16th Jan Early"]
[Site "Chess.com INT"]
[Date "2024.01.16"]
[Round "1"]
[White "Smirnov, Mark1"]
[Black "So, Wesley"]
[Result "0-1"]
[WhiteElo "2152"]
[BlackElo "2757"]
[PlyCount "74"]
[EventDate "2024.01.16"]
[EventType "swiss (blitz)"]
[EventRounds "11"]
[EventCountry "USA"]
[SourceTitle "CB04_2024"]
[SourceDate "2023.10.16"]
[SourceVersion "1"]
[SourceVersionDate "2023.10.16"]
[SourceQuality "1"]

1. e4 c5 2. Nf3 d6 3. d4 cxd4 4. Nxd4 Nf6 5. Nc3 a6 6. Bg5 e6 7. f4 Be7 8. Qf3 Qc7 9. 0-0-0 Nbd7 10. g4 h6 11. Bxf6 Bxf6 12. h4 Nb6 13. g5 Bxd4 14. Rxd4 Qc5 15. Rd2 Bd7 16. Be2 hxg5 17. hxg5 Rxh1+ 18. Qxh1 0-0-0 19. Rd3 Bc6 20. Qd1 Kc7 21. Rd4 e5 22. fxe5 Qxe5 23. Qd2 Rh8 24. b3 Rh1+ 25. Kb2 Rg1 26. Bh5 g6 27. Qf2 Rxg5 28. Be2 f6 29. a4 Rg3 30. Bd3 Rf3 31. Qg1 Rg3 32. Qf2 Rf3 33. Qg1 g5 34. Rb4 Nd7 35. Qa7 Qc5 36. Qxc5 dxc5 37. Rc4 b5 0-1

[Event "Titled Tuesday intern op 16th Jan Early"]
[Site "Chess.com INT"]
[Date "2024.01.16"]
[Round "4"]
[White "So, Wesley"]
[Black "Norowitz, Yaacov"]
[Result "1-0"]
[WhiteElo "2757"]
[BlackElo "2402"]
[PlyCount "61"]
[EventDate "2024.01.16"]
[EventType "swiss (blitz)"]
[EventRounds "11"]
[EventCountry "USA"]
[SourceTitle "CB04_2024"]
[SourceDate "2023.10.16"]
[SourceVersion "1"]
[SourceVersionDate "2023.10.16"]
[SourceQuality "1"]

1. d4 Nf6 2. c4 e5 3. dxe5 Ne4 4. Nd2 Bb4 5. a3 Bxd2+ 6. Bxd2 Nc6 7. Nf3 Nxd2 8. Qxd2 0-0 9. Rd1 Qe7 10. Qc3 Re8 11. Rd5 b6 12. g3 Bb7 13. Bg2 d6 14. 0-0 Nxe5 15. Nxe5 dxe5 16. Rd2 Bxg2 17. Kxg2 Rad8 18. Rfd1 f6 19. b4 Rd6 20. Rxd6 cxd6 21. Qd3 Rd8 22. Qd5+ Qf7 23. Qc6 Qd7 24. Qd5+ Qf7 25. Qe4 f5 26. Qxe5 Re8 27. Qxd6 Qxc4 28. e3 h6 29. Qd5+ Qxd5+ 30. Rxd5 Rf8 31. h4 1-0